Marvel Characters by Actors name - Statistics

General Stats
  • This quiz has been taken 43 times
  • The average score is 25 of 30
Answer Stats
Actor/Actress Character % Correct
Chris Evans Captain America
100%
Mark Ruffalo Hulk
100%
Robert Downey Jr. Iron Man
100%
Chris Hemsworth Thor
100%
Scarlett Johansson Black Widow
94%
Ryan Reynolds Deadpool
94%
Tobey Maguire Spiderman
94%
Tom Hardy Venom
94%
Hugh Jackman Wolverine
94%
Paul Rudd Ant Man
91%
Chadwick Boseman Black Panther
91%
Tom Hiddleston Loki
91%
Benedict Cumberbatch Doctor Strange
88%
Jeremy Renner Hawkeye
88%
Samuel L. Jackson Nick Fury
88%
Chris Pratt Star Lord
88%
Elizabeth Olsen Wanda Maximoff
88%
Anthony Mackie Falcon
85%
Zoe Saldana Gamora
85%
Brie Larson Captain Marvel
82%
Willem Dafoe Green Goblin
82%
Sebastian Stan Winter Soldier
79%
Don Cheadle War Machine
76%
Josh Brolin Thanos
73%
Ian McKellen Magneto
70%
Paul Bettany Vision
67%
Patrick Stewart Professor X
61%
Nicolas Cage Ghost Rider
52%
Natalie Portman Jane Foster
52%
Evan Peters Quicksilver
48%
No matching quizzes found
Score Distribution
Percent of People with Each Score
Percentile by Number Answered
Your Score History
You have not taken this quiz